[Event "FICGS class C 000247 email"]
[Site "FICGS email"]
[Date "2016.09.28"]
[Round "1"]
[White "Bonoldi, Fabio"]
[Black "Meli, Cosimo Leonardo"]
[Result "1-0"]
[WhiteElo "1827"]
[BlackElo "1889"]
[PlyCount "23"]
[EventDate "2016.??.??"]
[EventType "tourn (corr)"]
[EventRounds "1"]
[SourceTitle "Corr 2022"]
[Source "ChessBase"]
[SourceDate "2021.10.24"]
[SourceVersion "1"]
[SourceVersionDate "2021.10.24"]
[SourceQuality "1"]

1. d4 d5 2. c4 e6 3. Nc3 Nf6 4. Nf3 c6 5. Bg5 Nbd7 6. e3 Be7 7. Qc2 0-0 8. 0-0-0 dxc4 9. Bxc4 Qa5 10. Kb1 b5 11. Bd3 h6 12. h4 1-0

[Event "FICGS class C 000247 email"]
[Site "FICGS email"]
[Date "2016.09.28"]
[Round "1"]
[White "Dimitrov, George"]
[Black "Meli, Cosimo Leonardo"]
[Result "1-0"]
[WhiteElo "1886"]
[BlackElo "1889"]
[PlyCount "21"]
[EventDate "2016.??.??"]
[EventType "tourn (corr)"]
[EventRounds "1"]
[SourceTitle "Corr 2022"]
[Source "ChessBase"]
[SourceDate "2021.10.24"]
[SourceVersion "1"]
[SourceVersionDate "2021.10.24"]
[SourceQuality "1"]

1. e4 c5 2. c3 Nf6 3. e5 Nd5 4. Nf3 Nc6 5. Bc4 Nb6 6. Bb3 c4 7. Bc2 d6 8. exd6 e5 9. 0-0 Be6 10. d4 Bxd6 11. dxe5 1-0

[Event "FICGS class C 000247 email"]
[Site "FICGS email"]
[Date "2016.09.28"]
[Round "1"]
[White "Duttagupta, Aniruddha"]
[Black "Meli, Cosimo Leonardo"]
[Result "1-0"]
[WhiteElo "1875"]
[BlackElo "1889"]
[PlyCount "23"]
[EventDate "2016.??.??"]
[EventType "tourn (corr)"]
[EventRounds "1"]
[SourceTitle "Corr 2022"]
[Source "ChessBase"]
[SourceDate "2021.10.24"]
[SourceVersion "1"]
[SourceVersionDate "2021.10.24"]
[SourceQuality "1"]

1. e4 c5 2. Nf3 d6 3. d4 cxd4 4. Nxd4 Nf6 5. Nc3 a6 6. Bg5 e6 7. f4 Qb6 8. Qd2 Qxb2 9. Rb1 Qa3 10. e5 dxe5 11. fxe5 Nfd7 12. Ne4 1-0

[Event "FICGS class C 000247 email"]
[Site "FICGS email"]
[Date "2016.09.28"]
[Round "1"]
[White "Meli, Cosimo Leonardo"]
[Black "Romano, Jacopo"]
[Result "0-1"]
[WhiteElo "1889"]
[BlackElo "2002"]
[PlyCount "28"]
[EventDate "2016.??.??"]
[EventType "tourn (corr)"]
[EventRounds "1"]
[SourceTitle "Corr 2022"]
[Source "ChessBase"]
[SourceDate "2021.10.24"]
[SourceVersion "1"]
[SourceVersionDate "2021.10.24"]
[SourceQuality "1"]

1. e4 c5 2. Nf3 d6 3. d4 cxd4 4. Nxd4 Nf6 5. Nc3 a6 6. Bg5 e6 7. f4 h6 8. Bh4 Be7 9. Qf3 Nbd7 10. 0-0-0 Qc7 11. Bd3 g5 12. fxg5 Ne5 13. Qe2 Nfg4 14. Bg3 hxg5 0-1

[Event "FICGS class C 000222 email"]
[Site "FICGS email"]
[Date "2015.04.19"]
[Round "1"]
[White "Bartsch, Reinhard Andrea"]
[Black "Meli, Cosimo Leonardo"]
[Result "1/2-1/2"]
[WhiteElo "2000"]
[BlackElo "1944"]
[PlyCount "109"]
[EventDate "2015.??.??"]
[EventType "tourn (corr)"]
[EventRounds "1"]
[SourceTitle "Corr 2022"]
[Source "ChessBase"]
[SourceDate "2021.10.24"]
[SourceVersion "1"]
[SourceVersionDate "2021.10.24"]
[SourceQuality "1"]

1. d4 Nf6 2. c4 e6 3. Nf3 b6 4. g3 Ba6 5. b3 Bb4+ 6. Bd2 Be7 7. Bg2 c6 8. Bc3 d5 9. Ne5 Bb7 10. Nd2 Nbd7 11. 0-0 Nxe5 12. dxe5 Nd7 13. e4 0-0 14. exd5 cxd5 15. Qe2 Qc7 16. Bd4 Bc5 17. Bb2 Ba6 18. Rfd1 Rad8 19. Rac1 Bb4 20. Qe3 Bxd2 21. Rxd2 dxc4 22. bxc4 Rfe8 23. Rd6 Nc5 24. Rc6 Qd7 25. Ba3 Rc8 26. Rd6 Qa4 27. Bf1 Bb7 28. Rcd1 h6 29. f3 Qa5 30. R6d4 Qa4 31. R1d2 Qa5 32. Bc1 Na4 33. Rg4 Qc5 34. Rdd4 Red8 35. Ba3 Rxd4 36. Bxc5 Rxg4 37. Bxb6 Rgxc4 38. Bxc4 Rxc4 39. Bxa7 Nc3 40. a3 Nd5 41. Qe2 Ba6 42. Kf2 Rc6 43. Qb2 Bd3 44. Ke1 Rc2 45. Qb8+ Kh7 46. Bd4 Re2+ 47. Kd1 Rxh2 48. Qb3 Ba6 49. a4 g5 50. a5 Rh1+ 51. Kd2 Rh2+ 52. Ke1 Rh1+ 53. Kf2 Kg7 54. Kg2 Re1 55. Qa4 1/2-1/2

[Event "FICGS class C 000211 email"]
[Site "FICGS email"]
[Date "2014.09.15"]
[Round "1"]
[White "Meli, Cosimo Leonardo"]
[Black "Duenas, Alexis"]
[Result "1/2-1/2"]
[WhiteElo "1906"]
[BlackElo "1886"]
[PlyCount "80"]
[EventDate "2014.??.??"]
[EventType "tourn (corr)"]
[EventRounds "4"]
[SourceTitle "Corr 2022"]
[Source "ChessBase"]
[SourceDate "2021.10.24"]
[SourceVersion "1"]
[SourceVersionDate "2021.10.24"]
[SourceQuality "1"]

1. e4 c5 2. Nf3 Nc6 3. d4 cxd4 4. Nxd4 e5 5. Nb5 d6 6. N1c3 a6 7. Na3 b5 8. Nd5 Nge7 9. c4 Nd4 10. Be3 Nxd5 11. cxd5 g6 12. Bd3 Bg7 13. 0-0 0-0 14. Nc2 Bd7 15. Rc1 Qb6 16. f4 Rae8 17. fxe5 dxe5 18. Nxd4 exd4 19. Bd2 Be5 20. Bh6 Qd6 21. h3 Bg7 22. Bxg7 Kxg7 23. Bb1 Qb6 24. Kh1 f5 25. exf5 Re5 26. Rf4 Rxd5 27. Qf3 Qd6 28. f6+ Kh8 29. Be4 Re5 30. Rf1 Re6 31. f7 Re7 32. Rf6 Qe5 33. Bd5 Bc8 34. b4 Kg7 35. Bb3 Be6 36. Bxe6 Rxe6 37. Rxe6 Qxe6 38. Qf4 Rxf7 39. Qxd4+ Kg8 40. Rxf7 Kxf7 1/2-1/2

[Event "FICGS class C 000208 email"]
[Site "FICGS email"]
[Date "2014.07.11"]
[Round "1"]
[White "Meli, Cosimo Leonardo"]
[Black "Domingo Gadea, Jordi"]
[Result "1-0"]
[WhiteElo "1938"]
[BlackElo "1816"]
[PlyCount "73"]
[EventDate "2014.??.??"]
[EventType "tourn (corr)"]
[EventRounds "4"]
[SourceTitle "Corr 2022"]
[Source "ChessBase"]
[SourceDate "2021.10.24"]
[SourceVersion "1"]
[SourceVersionDate "2021.10.24"]
[SourceQuality "1"]

1. d4 b5 2. e4 a6 3. Nf3 Bb7 4. Bd3 e6 5. 0-0 c5 6. c3 Nf6 7. Re1 h6 8. Nbd2 Qc7 9. e5 Nd5 10. dxc5 Bxc5 11. a4 Nc6 12. Ne4 Be7 13. Nd6+ Bxd6 14. exd6 Qb8 15. Be4 0-0 16. Bxd5 exd5 17. Bf4 Re8 18. Qd3 bxa4 19. Qf5 Re6 20. Rxe6 fxe6 21. Qg4 Kh7 22. Rxa4 Qe8 23. Be5 Qg6 24. Qxg6+ Kxg6 25. Rg4+ Kf5 26. Rf4+ Kg6 27. b4 Rg8 28. Bd4 Bc8 29. h3 h5 30. g4 hxg4 31. Rxg4+ Kf7 32. Kg2 Bb7 33. Kg3 Bc8 34. h4 Kf8 35. h5 Kf7 36. Kh4 Kf8 37. Kg5 1-0

[Event "FICGS class C 000208 email"]
[Site "FICGS email"]
[Date "2014.07.11"]
[Round "1"]
[White "Meli, Cosimo Leonardo"]
[Black "Van Dijk, Erik"]
[Result "0-1"]
[WhiteElo "1938"]
[BlackElo "1827"]
[PlyCount "68"]
[EventDate "2014.??.??"]
[EventType "tourn (corr)"]
[EventRounds "4"]
[SourceTitle "Corr 2022"]
[Source "ChessBase"]
[SourceDate "2021.10.24"]
[SourceVersion "1"]
[SourceVersionDate "2021.10.24"]
[SourceQuality "1"]

1. d4 Nf6 2. c4 c5 3. d5 d6 4. Nc3 g6 5. e4 Bg7 6. Bd3 0-0 7. h3 a6 8. a4 e6 9. Nf3 exd5 10. cxd5 Re8 11. 0-0 Nbd7 12. Bf4 c4 13. Bc2 Qb6 14. Ra2 Qc7 15. Qe2 Rb8 16. a5 b5 17. Nd2 Bb7 18. Be3 Rbc8 19. Bb1 Nc5 20. Rc1 Nfd7 21. Rd1 Ne5 22. Bd4 Qd8 23. Qe3 Nb3 24. Ba7 Qe7 25. Bb6 Qh4 26. f4 Nd7 27. Nf3 Qe7 28. Re1 Nxb6 29. Qxb6 Nc5 30. e5 Qd7 31. Kh1 Bxd5 32. Nxd5 Rc6 33. Rd1 Rxb6 34. axb6 Qb7 0-1

[Event "FICGS class A 000150 email"]
[Site "FICGS email"]
[Date "2014.05.17"]
[Round "1"]
[White "Meli, Cosimo Leonardo"]
[Black "Perod, Reuben"]
[Result "0-1"]
[WhiteElo "1954"]
[BlackElo "2031"]
[PlyCount "148"]
[EventDate "2014.??.??"]
[EventType "tourn (corr)"]
[EventRounds "6"]
[SourceTitle "Corr 2022"]
[Source "ChessBase"]
[SourceDate "2021.10.24"]
[SourceVersion "1"]
[SourceVersionDate "2021.10.24"]
[SourceQuality "1"]

1. e4 c5 2. Nf3 d6 3. d4 cxd4 4. Nxd4 Nf6 5. Nc3 a6 6. Bc4 e6 7. 0-0 Be7 8. Qf3 Qc7 9. Bb3 0-0 10. Qg3 Nh5 11. Qd3 Nf6 12. Qg3 Nh5 13. Qe3 Bd7 14. g4 Nf6 15. g5 Nh5 16. Qe2 g6 17. f4 Nc6 18. Be3 Rae8 19. Nxc6 Bxc6 20. Rad1 Ng7 21. Qd3 b5 22. a3 Qb7 23. Ba2 f5 24. exf5 Rxf5 25. Qd2 Rf7 26. Ne2 Bd8 27. Ng3 Bc7 28. b4 Bf3 29. Rde1 d5 30. h3 Ref8 31. Qd3 Be4 32. Qe2 Bf5 33. Kh2 Qb8 34. Bc1 a5 35. Rf3 Qb7 36. bxa5 Bxa5 37. Bd2 Bxd2 38. Qxd2 Qc7 39. Rc3 Qa7 40. Bb3 Qxa3 41. Rc6 Qa8 42. Rc3 Qb8 43. Re2 Nh5 44. Nxh5 gxh5 45. Qd4 h4 46. Rce3 Qc7 47. Kh1 Bg6 48. Rxe6 Rxf4 49. Qe3 R8f5 50. Re5 Qxe5 51. Qxe5 Rxe5 52. Rxe5 Kf8 53. Bxd5 Bxc2 54. Re6 Rf5 55. Be4 Bxe4+ 56. Rxe4 Rxg5 57. Rxh4 h5 58. Re4 Kf7 59. h4 Rg4 60. Re5 Rxh4+ 61. Kg2 b4 62. Kg3 Rg4+ 63. Kf2 h4 64. Rf5+ Ke6 65. Rh5 b3 66. Rb5 Rg3 67. Rb4 Rh3 68. Kg2 Rc3 69. Kh2 Kd5 70. Kg2 h3+ 71. Kh2 Rd3 72. Rb5+ Kc4 73. Rb6 Kc3 74. Rc6+ Kb2 0-1

[Event "FICGS class C 000199 email"]
[Site "FICGS email"]
[Date "2013.10.29"]
[Round "1"]
[White "Meli, Cosimo Leonardo"]
[Black "Giordanino, Claudio"]
[Result "0-1"]
[WhiteElo "1979"]
[BlackElo "1800"]
[PlyCount "78"]
[EventDate "2013.??.??"]
[EventType "tourn (corr)"]
[EventRounds "4"]
[SourceTitle "Corr 2022"]
[Source "ChessBase"]
[SourceDate "2021.10.24"]
[SourceVersion "1"]
[SourceVersionDate "2021.10.24"]
[SourceQuality "1"]

1. d4 d5 2. c4 c6 3. Nf3 Nf6 4. b3 Bf5 5. Nc3 g6 6. a3 Bg7 7. e3 0-0 8. Bd3 Bxd3 9. Qxd3 Nbd7 10. 0-0 Re8 11. Re1 Qc7 12. cxd5 cxd5 13. b4 a6 14. h3 h6 15. Bb2 b5 16. Rac1 Qb7 17. Rc2 e6 18. Rec1 Rec8 19. Nd2 Nb6 20. Nb3 Nc4 21. Qe2 Nxb2 22. Rxb2 h5 23. a4 bxa4 24. Nxa4 Qxb4 25. Nbc5 Rxc5 26. Rxb4 Rxc1+ 27. Kh2 Ne4 28. g3 Rac8 29. h4 R8c2 30. Rb2 Rxe2 31. Rxe2 Ra1 32. Nb6 a5 33. Rc2 a4 34. Nxa4 Rxa4 35. Kg1 e5 36. dxe5 Bxe5 37. Kf1 d4 38. exd4 Bxd4 39. Re2 Nxf2 0-1

[Event "FICGS class A 000137 email"]
[Site "FICGS email"]
[Date "2013.04.05"]
[Round "1"]
[White "Skinner, Peter"]
[Black "Meli, Cosimo Leonardo"]
[Result "1/2-1/2"]
[WhiteElo "2095"]
[BlackElo "2001"]
[PlyCount "99"]
[EventDate "2013.??.??"]
[EventType "tourn (corr)"]
[EventRounds "6"]
[SourceTitle "Corr 2022"]
[Source "ChessBase"]
[SourceDate "2021.10.24"]
[SourceVersion "1"]
[SourceVersionDate "2021.10.24"]
[SourceQuality "1"]

1. d4 d5 2. Nf3 c5 3. c4 e6 4. cxd5 exd5 5. Nc3 Nf6 6. g3 Nc6 7. Bg2 Be7 8. 0-0 0-0 9. dxc5 Bxc5 10. Bg5 d4 11. Bxf6 Qxf6 12. Nd5 Qd8 13. Nd2 a6 14. Rc1 Ba7 15. Nf4 Rb8 16. Nb3 Re8 17. Nc5 Ne5 18. b4 b6 19. Ncd3 b5 20. Nxe5 Rxe5 21. Qd2 Re8 22. Bc6 Bd7 23. Rc2 h6 24. Rfc1 Rc8 25. Nd3 Bb6 26. a3 Rc7 27. Bxd7 Rxd7 28. Qf4 Qa8 29. Rc6 Qb7 30. Qf3 Rde7 31. Nf4 Bd8 32. Kg2 Rd7 33. Rc8 Qxf3+ 34. Kxf3 g5 35. Nd3 h5 36. R8c5 g4+ 37. Kg2 Rxe2 38. Rxh5 Rd6 39. Rf5 Ra2 40. Rf4 Rxa3 41. Ne5 f5 42. Rxf5 d3 43. Nxg4 d2 44. Rd1 Ra4 45. Rf4 a5 46. Ne3 Rxb4 47. Rxb4 axb4 48. Nf1 Bf6 49. Rxd2 Ra6 50. Rd5 1/2-1/2

[Event "FICGS class A 000130 email"]
[Site "FICGS email"]
[Date "2012.11.04"]
[Round "1"]
[White "Sorcinelli, Andrea"]
[Black "Meli, Cosimo Leonardo"]
[Result "1/2-1/2"]
[WhiteElo "2019"]
[BlackElo "2046"]
[PlyCount "79"]
[EventDate "2012.??.??"]
[EventType "tourn (corr)"]
[EventRounds "6"]
[SourceTitle "Corr 2022"]
[Source "ChessBase"]
[SourceDate "2021.10.24"]
[SourceVersion "1"]
[SourceVersionDate "2021.10.24"]
[SourceQuality "1"]

1. e4 e5 2. Nf3 Nc6 3. Bb5 a6 4. Ba4 Nf6 5. 0-0 b5 6. Bb3 Bb7 7. d3 Bc5 8. Nc3 0-0 9. a4 Na5 10. Ba2 b4 11. Nd5 Nxd5 12. Bxd5 Bxd5 13. exd5 d6 14. c3 bxc3 15. bxc3 f6 16. d4 Bb6 17. Qc2 Qd7 18. Be3 Rab8 19. Qd3 exd4 20. Nxd4 Bxd4 21. Bxd4 Nb3 22. Ra3 Nxd4 23. cxd4 Qf7 24. Rc3 Rfc8 25. Qxa6 Qxd5 26. Qc4 Qxc4 27. Rxc4 c6 28. Ra1 d5 29. Rc5 Rb4 30. a5 Ra8 31. g3 Ra6 32. Rac1 Kf7 33. Rxc6 Rxa5 34. Rc7+ Kg6 35. R7c5 Rxc5 36. dxc5 Kf7 37. c6 Rb8 38. Ra1 Rc8 39. Ra7+ Kg6 40. Rd7 1/2-1/2

[Event "FICGS class C 000168 email"]
[Site "FICGS email"]
[Date "2012.02.24"]
[Round "1"]
[White "Khaerudin, Drs"]
[Black "Meli, Cosimo Leonardo"]
[Result "0-1"]
[WhiteElo "1800"]
[BlackElo "1988"]
[PlyCount "42"]
[EventDate "2012.??.??"]
[EventType "tourn (corr)"]
[EventRounds "1"]
[SourceTitle "Corr 2022"]
[Source "ChessBase"]
[SourceDate "2021.10.24"]
[SourceVersion "1"]
[SourceVersionDate "2021.10.24"]
[SourceQuality "1"]

1. e4 c5 2. Nf3 d6 3. d4 cxd4 4. Nxd4 Nf6 5. Nc3 a6 6. Be2 e5 7. Nb3 Be7 8. 0-0 Nc6 9. Bg5 0-0 10. Bxf6 Bxf6 11. Nd5 Bg5 12. c3 Be6 13. Nd2 Bxd5 14. exd5 Ne7 15. Nf3 Bh6 16. c4 Rb8 17. Nd2 f5 18. b4 Qd7 19. Nb3 Kh8 20. a4 Ng8 21. c5 Nf6 0-1

[Event "FICGS class C 000168 email"]
[Site "FICGS email"]
[Date "2012.02.24"]
[Round "1"]
[White "Meli, Cosimo Leonardo"]
[Black "Moreno, Ciro"]
[Result "1/2-1/2"]
[WhiteElo "1988"]
[BlackElo "1824"]
[PlyCount "164"]
[EventDate "2012.??.??"]
[EventType "tourn (corr)"]
[EventRounds "1"]
[SourceTitle "Corr 2022"]
[Source "ChessBase"]
[SourceDate "2021.10.24"]
[SourceVersion "1"]
[SourceVersionDate "2021.10.24"]
[SourceQuality "1"]

1. e4 c5 2. c3 d5 3. exd5 Qxd5 4. Nf3 Nc6 5. Na3 Bg4 6. Be2 0-0-0 7. d3 e5 8. Nc4 Nf6 9. Ne3 Qd7 10. Nxg4 Nxg4 11. 0-0 f5 12. a4 Bd6 13. h3 Nf6 14. Qb3 Na5 15. Qa2 Qe7 16. Re1 Kb8 17. Bf1 Rhe8 18. d4 cxd4 19. Nxd4 Qd7 20. Nb5 Bf8 21. b4 Nc6 22. Na3 Ne4 23. Qc2 a5 24. bxa5 Bc5 25. Be3 Bxe3 26. Rxe3 Nxa5 27. Bb5 Nc6 28. Rb1 Re6 29. Bd3 f4 30. Bxe4 fxe3 31. Nc4 exf2+ 32. Kxf2 Qe7 33. Kg3 Qf7 34. Kh2 Re7 35. Qe2 Rc7 36. Kh1 Na7 37. Na5 Rd5 38. Bxd5 Qxd5 39. Qa6 Qe4 40. Rb3 Rd7 41. Qc4 Qxc4 42. Nxc4 Rd5 43. Kg1 Nc8 44. Kf2 Rc5 45. Nd2 Kc7 46. Ne4 Ra5 47. Rb4 Nb6 48. Rb5 Rxb5 49. axb5 Nc4 50. Ng5 Kb6 51. Nxh7 Kxb5 52. Ke2 Nd6 53. Kd3 Kc5 54. Nf8 e4+ 55. Kc2 Kd5 56. Ng6 Nc4 57. g4 Ke6 58. Kd1 Kf6 59. Nh4 Nd6 60. Ng2 g5 61. Ke2 Ke5 62. Ke3 Nc4+ 63. Ke2 Kf6 64. Kf2 Nb2 65. Ke2 Ke5 66. h4 gxh4 67. Nxh4 Kf4 68. Ng2+ Kxg4 69. Ke3 Kf5 70. Kd4 Nd3 71. Nh4+ Kf4 72. Ng6+ Kf3 73. Nh4+ Kg4 74. Kxe4 Nf2+ 75. Kd5 Kxh4 76. c4 Kg5 77. Ke6 Nd3 78. Kd6 Kf4 79. Kc7 Ke4 80. Kxb7 Kd4 81. c5 Nxc5+ 82. Kc7 Ne6+ 1/2-1/2

[Event "FICGS class C 000164 email"]
[Site "FICGS email"]
[Date "2011.12.20"]
[Round "1"]
[White "Jozefini, Lubor"]
[Black "Meli, Cosimo Leonardo"]
[Result "1/2-1/2"]
[WhiteElo "1863"]
[BlackElo "1970"]
[PlyCount "138"]
[EventDate "2011.??.??"]
[EventType "tourn (corr)"]
[EventRounds "1"]
[SourceTitle "Corr 2022"]
[Source "ChessBase"]
[SourceDate "2021.10.24"]
[SourceVersion "1"]
[SourceVersionDate "2021.10.24"]
[SourceQuality "1"]

1. e4 c5 2. Nf3 d6 3. a3 g6 4. Bc4 Bg7 5. h4 Nf6 6. h5 Nxh5 7. Rxh5 gxh5 8. Ng5 Bg4 9. Bxf7+ Kd7 10. f3 h6 11. fxg4 hxg5 12. gxh5 e6 13. d4 Rf8 14. d5 Rxf7 15. dxe6+ Kxe6 16. Qg4+ Ke7 17. Bxg5+ Bf6 18. Bxf6+ Rxf6 19. Nc3 Kf8 20. e5 Qe7 21. Qc8+ Kg7 22. Qg4+ Kh8 23. 0-0-0 Qe6 24. Qe4 Rf7 25. Rxd6 Qe7 26. Nd5 Qg5+ 27. Kb1 Nc6 28. e6 Qf5 29. Qh4 Rg7 30. e7 Rxg2 31. Qc4 Qe5 32. Rg6 Rxg6 33. hxg6 Qe1+ 34. Ka2 Nxe7 35. Qf4 Qe6 36. Qh6+ Kg8 37. Qh7+ Kf8 38. g7+ Ke8 39. c4 Kd7 40. Nxe7 Qxc4+ 41. b3 Qe2+ 42. Kb1 Qxe7 43. g8Q Rxg8 44. Qxg8 Qe4+ 45. Kb2 a6 46. a4 Qd4+ 47. Kc2 Qe5 48. Qf7+ Kc6 49. Qf3+ Qd5 50. Qf6+ Kd7 51. Qg7+ Kc6 52. Qg6+ Kc7 53. a5 Qd4 54. Qg3+ Kc8 55. Qg8+ Qd8 56. Qe6+ Kb8 57. Qe5+ Qc7 58. Qh8+ Ka7 59. Qc3 Qc6 60. Qe5 Qb5 61. Qc7 Qb4 62. Qd8 Qe4+ 63. Qd3 Qe7 64. Kb2 Kb8 65. Qc3 Ka8 66. Qd3 Ka7 67. Qc3 Kb8 68. Qh8+ Ka7 69. Qc3 Kb8 1/2-1/2

[Event "FICGS class C 000161 email"]
[Site "FICGS email"]
[Date "2011.11.09"]
[Round "1"]
[White "Domingo Gadea, Jordi"]
[Black "Meli, Cosimo Leonardo"]
[Result "1/2-1/2"]
[WhiteElo "1969"]
[BlackElo "1970"]
[PlyCount "103"]
[EventDate "2011.??.??"]
[EventType "tourn (corr)"]
[EventRounds "1"]
[SourceTitle "Corr 2022"]
[Source "ChessBase"]
[SourceDate "2021.10.24"]
[SourceVersion "1"]
[SourceVersionDate "2021.10.24"]
[SourceQuality "1"]

1. e4 c5 2. Nf3 d6 3. c3 Nf6 4. Be2 g6 5. 0-0 Bg7 6. Bb5+ Bd7 7. Bxd7+ Nbxd7 8. Re1 0-0 9. d4 Rc8 10. Qb3 cxd4 11. cxd4 e5 12. Nc3 exd4 13. Nxd4 Nc5 14. Qc2 Nfxe4 15. Be3 d5 16. Rac1 Nxc3 17. Qxc3 Qd7 18. Qd2 Ne4 19. Qd3 b6 20. Rcd1 Rfe8 21. Qb3 Nc5 22. Qb5 Qb7 23. h3 a6 24. Qb4 b5 25. Qa5 Bf6 26. Qb4 Ne4 27. Qa3 Rc4 28. Nf3 Qd7 29. Bd4 Ra4 30. Qb3 Kg7 31. a3 Bxd4 32. Nxd4 Rc4 33. Qd3 Qd6 34. Nf3 Qf6 35. b3 Rcc8 36. b4 Nc3 37. Rxe8 Rxe8 38. Rd2 Re4 39. g3 Rc4 40. Kg2 Ne4 41. Rc2 Rxc2 42. Qxc2 Ng5 43. Nxg5 Qxg5 44. Qc6 d4 45. Qd6 Qf6 46. Qd5 g5 47. Kf1 Kg6 48. Kg2 Kh6 49. Kg1 Kg6 50. Kg2 Kh6 51. Kg1 Kg6 52. Kg2 1/2-1/2

[Event "FICGS class C 000161 email"]
[Site "FICGS email"]
[Date "2011.11.09"]
[Round "1"]
[White "Hrubaru, Mircea"]
[Black "Meli, Cosimo Leonardo"]
[Result "1-0"]
[WhiteElo "1838"]
[BlackElo "1970"]
[PlyCount "161"]
[EventDate "2011.??.??"]
[EventType "tourn (corr)"]
[EventRounds "1"]
[SourceTitle "Corr 2022"]
[Source "ChessBase"]
[SourceDate "2021.10.24"]
[SourceVersion "1"]
[SourceVersionDate "2021.10.24"]
[SourceQuality "1"]

1. e4 c5 2. Nf3 d6 3. d4 cxd4 4. Nxd4 Nf6 5. f3 e5 6. Nb3 Be6 7. c4 a5 8. Be3 Be7 9. Be2 a4 10. N3d2 0-0 11. Nc3 Nh5 12. g3 a3 13. b3 Nc6 14. Nd5 Nd4 15. 0-0 Nxe2+ 16. Qxe2 Bxd5 17. cxd5 f5 18. exf5 Rxf5 19. Qb5 Bg5 20. Bb6 Qe7 21. Ne4 Nf6 22. g4 Nxe4 23. gxf5 Nf6 24. Kh1 Nh5 25. Qb4 h6 26. Qg4 Qf7 27. Rad1 Nf6 28. Qc4 Nd7 29. Bg1 Qxf5 30. Qc7 Re8 31. Qxd6 e4 32. Rde1 e3 33. Qc7 e2 34. Rf2 Bh4 35. Rexe2 Bxf2 36. Rxe8+ Kf7 37. Kg2 Kxe8 38. Bxf2 Qxd5 39. Be1 Qb5 40. Bc3 Nf6 41. Qe5+ Qxe5 42. Bxe5 Kf7 43. Bd6 Nd5 44. Kf2 Ne7 45. Bxa3 Nf5 46. Bb2 Ke6 47. Ke2 g6 48. Kd3 g5 49. Ke4 Nd6+ 50. Kd4 Nf5+ 51. Kc5 Kd7 52. Bf6 Ke6 53. Bc3 Kd7 54. Be1 Ne3 55. Bg3 Nf1 56. Kd4 Ke6 57. Kd3 Nxg3 58. hxg3 Ke5 59. a4 h5 60. Ke3 h4 61. gxh4 gxh4 62. a5 Kf5 63. b4 Ke5 64. Kf2 Kd5 65. f4 Kd6 66. b5 Kc7 67. a6 Kb8 68. f5 bxa6 69. bxa6 h3 70. f6 h2 71. Kg2 h1Q+ 72. Kxh1 Ka7 73. f7 Kxa6 74. f8Q Kb5 75. Qd6 Kc4 76. Qc6+ Kb4 77. Kg2 Kb3 78. Kf3 Ka3 79. Ke3 Kb3 80. Kd3 Kb4 81. Qb6+ 1-0

[Event "FICGS class C 000161 email"]
[Site "FICGS email"]
[Date "2011.11.09"]
[Round "1"]
[White "Meli, Cosimo Leonardo"]
[Black "Broniek, Mariusz Maciej"]
[Result "0-1"]
[WhiteElo "1970"]
[BlackElo "1923"]
[PlyCount "134"]
[EventDate "2011.??.??"]
[EventType "tourn (corr)"]
[EventRounds "1"]
[SourceTitle "Corr 2013"]
[Source "ChessBase"]
[SourceDate "2012.11.12"]
[SourceVersion "1"]
[SourceVersionDate "2012.11.12"]
[SourceQuality "1"]

1. e4 c5 2. Nf3 d6 3. d4 cxd4 4. Nxd4 Nf6 5. Nc3 a6 6. Be3 e6 7. f3 b5 8. g4 b4 9. Nce2 h6 10. Qd2 e5 11. Nb3 Nc6 12. Ng3 Be6 13. 0-0-0 Qc7 14. Kb1 d5 15. exd5 Nxd5 16. Bd3 Rd8 17. Qe2 Be7 18. Nf5 Bxf5 19. gxf5 a5 20. Bb5 0-0 21. Bf2 Na7 22. Ba4 Nc8 23. Qe4 Ncb6 24. Bb5 a4 25. Na5 Bc5 26. Bg3 f6 27. Nc6 a3 28. Nxd8 Rxd8 29. Bc4 Qb7 30. Bb3 Kh7 31. Be1 axb2 32. Rd3 Qc6 33. h3 Qd7 34. Bd2 Bd4 35. Rxd4 exd4 36. Qxd4 Na4 37. Bxa4 Qxa4 38. Qc4 Rd7 39. Re1 Rc7 40. Qd3 Qa5 41. Re8 Nc3+ 42. Bxc3 bxc3 43. Re1 Qc5 44. Qd8 Rc8 45. Qe7 Qxf5 46. Rg1 Rg8 47. Qe3 Qe5 48. Qd3+ f5 49. Rd1 Ra8 50. Qd7 Ra6 51. h4 Rg6 52. Qd3 Qc5 53. Re1 Rd6 54. Qe2 Rd4 55. Qe6 Rxh4 56. Qa6 Rf4 57. Qe2 Qc6 58. Rg1 Rxf3 59. Qe5 Qg6 60. Qe1 Qa6 61. Qd1 Rf4 62. Qe1 Qc4 63. Qd1 Rf2 64. Qe1 Qd4 65. Rf1 Rxf1 66. Qxf1 f4 67. a3 f3 0-1

[Event "FICGS class C 000161 email"]
[Site "FICGS email"]
[Date "2011.11.09"]
[Round "1"]
[White "Meli, Cosimo Leonardo"]
[Black "Strohmeier, Josef"]
[Result "1-0"]
[WhiteElo "1970"]
[BlackElo "1800"]
[PlyCount "41"]
[EventDate "2011.??.??"]
[EventType "tourn (corr)"]
[EventRounds "1"]
[SourceTitle "Corr 2022"]
[Source "ChessBase"]
[SourceDate "2021.10.24"]
[SourceVersion "1"]
[SourceVersionDate "2021.10.24"]
[SourceQuality "1"]

1. e4 c5 2. Nf3 d6 3. d4 cxd4 4. Nxd4 Nf6 5. Nc3 a6 6. Be3 e6 7. f3 Be7 8. Qd2 0-0 9. 0-0-0 Nc6 10. Kb1 Qc7 11. g4 b5 12. g5 Nd7 13. h4 Nde5 14. f4 Nd7 15. Nxc6 Qxc6 16. a3 Bb7 17. h5 Rfe8 18. Rh2 Nc5 19. h6 g6 20. Rf2 Nxe4 21. Nxe4 1-0

[Event "FICGS class B 000139 email"]
[Site "FICGS email"]
[Date "2011.02.22"]
[Round "1"]
[White "Velasco, Josep"]
[Black "Meli, Cosimo Leonardo"]
[Result "1-0"]
[WhiteElo "1800"]
[BlackElo "1914"]
[PlyCount "121"]
[EventDate "2011.??.??"]
[EventType "tourn (corr)"]
[EventRounds "6"]
[SourceTitle "Corr 2013"]
[Source "ChessBase"]
[SourceDate "2012.11.12"]
[SourceVersion "1"]
[SourceVersionDate "2012.11.12"]
[SourceQuality "1"]

1. e4 c5 2. Nf3 d6 3. d4 cxd4 4. Nxd4 Nf6 5. Nc3 a6 6. Be3 e5 7. Nb3 Be6 8. f3 Be7 9. Qd2 0-0 10. a3 Nbd7 11. 0-0-0 Bxb3 12. cxb3 Nc5 13. Kc2 Rc8 14. g4 b5 15. h4 Rc6 16. g5 Nfd7 17. Rc1 Qb8 18. h5 Nb6 19. g6 hxg6 20. hxg6 fxg6 21. Bh3 Rf6 22. Qd1 Ne6 23. Kb1 Nf4 24. Bxf4 exf4 25. Nd5 Rxc1+ 26. Kxc1 Kf7 27. Qd4 Bd8 28. Bg4 Qb7 29. Nxf6 Qc7+ 30. Kb1 Bxf6 31. Qd2 Be5 32. Rc1 Qb7 33. Qc2 Kf6 34. Qc7 Qxc7 35. Rxc7 Bd4 36. Ra7 g5 37. Rxa6 Ke7 38. Ra7+ Kf6 39. Ra5 d5 40. Rxb5 dxe4 41. fxe4 Na8 42. Rf5+ Ke7 43. Rxg5 Nc7 44. a4 Kd6 45. b4 Be5 46. b5 Bf6 47. Rf5 Be5 48. b6 Na6 49. Be2 Nc5 50. a5 Nd7 51. Bb5 g6 52. Rxe5 Nxe5 53. a6 Nc6 54. a7 Kc5 55. Bxc6 Kxc6 56. a8Q+ Kxb6 57. e5 Kc5 58. b4+ Kd4 59. e6 Ke5 60. e7 Ke6 61. Qe4+ 1-0